000 00421nam a2200121Ia 4500
008 230907s9999||||xx |||||||||||||| ||und||
082 _a616.89
_bDUL
100 _aDulmus, Catherine N.
_9116109
245 0 _aPerson-centered recovery planner for adults with serious mental illness /
300 _ax,181 pages ;
650 _aHandbooks, manuals, etc. Handbooks, manuals, etc. Handbooks, manuals, etc.
_9115443
942 _cBK
999 _c601076
_d601076